000 00493nam a2200181Ia 4500
005 20250326125527.0
008 250326s9999 xx 000 0 und d
037 _aTextbook
040 _aFMSL
_beng
_cFMSL
041 _aeng
_2eng
084 _aD658(B) K9
_qFMSL
100 _aRose M
_9735524
245 0 _aComputers, managers and society
_cRose M
260 _aLondon
_bLondon, Penguin Books
_c1969
300 _a268p
942 _cTB
_hD658(B) K9
999 _c1278438
_d1278438